Dịch truyện ngắn "The water trolley" của Colin Thiele
Spremljeno u:
| Glavni autor: | |
|---|---|
| Daljnji autori: | , |
| Format: | Knjiga |
| Jezik: | Vietnamese |
| Izdano: |
Đà Nẵng,
1994.
|
| Teme: | |
| Oznake: |
Dodaj oznaku
Bez oznaka, Budi prvi tko označuje ovaj zapis!
|
| Thư viện lưu trữ: | Mạng thư viện Đại học Đà Nẵng |
|---|
| LEADER | 01045cmm a2200349 i 4500 | ||
|---|---|---|---|
| 001 | 000044857 | ||
| 003 | 3267 | ||
| 005 | 20030508155226.0 | ||
| 008 | 010312|1994 vm 000 vie | ||
| 040 | |a IRC |c IRC |d IRC | ||
| 041 | 0 | |a vie | |
| 082 | 1 | 4 | |a 428.02 |b TR-T |
| 100 | 1 | |a Trương Thị Ánh Tuyết. | |
| 245 | 0 | 0 | |a Dịch truyện ngắn "The water trolley" của Colin Thiele |h [Thesis-Luận văn] / |c Trương Thị Ánh Tuyết, Nguyễn Thị Ánh Minh thực hiện ; Nguyễn Thị Diễm Ánh hướng dẫn. |
| 260 | |a Đà Nẵng, |c 1994. | ||
| 300 | |a 90Tr. ; |c 30cm. | ||
| 630 | 0 | 4 | |a Anh ngữ. |
| 630 | 0 | 4 | |a Khoá luận. |
| 630 | 0 | 4 | |a Dịch. |
| 650 | 0 | 4 | |a Anh ngữ |x Dịch thuật. |
| 700 | 1 | |a Nguyễn Thị Ánh Minh. | |
| 700 | 1 | |a Nguyễn Thị Diễm Ánh, |e hướng dẫn. | |
| OWN | |a DUT | ||
| 999 | |a From the UDN01 | ||
| TYP | |a Computer file | ||
| TYP | |a Monograph | ||
| 980 | |a Mạng thư viện Đại học Đà Nẵng | ||